<?xml version="1.0" encoding="UTF-8"?>
<marc:record xmlns:marc="http://www.loc.gov/MARC21/slim">
   <marc:leader>00000nam a2200000 a 4500</marc:leader>
   <marc:datafield ind1="1" ind2=" " tag="100">
      <marc:subfield code="a">Jee-woon, Kim</marc:subfield>
      <marc:subfield code="4">drt</marc:subfield>
      <marc:subfield code="e">Regisseur/-in</marc:subfield>
   </marc:datafield>
   <marc:datafield ind1="0" ind2="0" tag="245">
      <marc:subfield code="a">The age of shadows [Bildtonträger]</marc:subfield>
   </marc:datafield>
   <marc:datafield ind1=" " ind2="1" tag="264">
      <marc:subfield code="a">Hamburg</marc:subfield>
      <marc:subfield code="b">Warner Bros. Entertainment</marc:subfield>
      <marc:subfield code="c">2017</marc:subfield>
   </marc:datafield>
   <marc:datafield ind1="1" ind2=" " tag="520">
      <marc:subfield code="a">Korea in den 20er Jahren: Das Land ist von der Kolonialmacht Japan besetzt. Um die feindlichen Besatzer empfindlich zu treffen, plant der Widerstand einen großen Anschlag in der Hauptstadt. Der koreanische Kommissar Lee (Song Kang-ho, "Snowpiercer") wird beauftragt, die Drahtzieher hinter dem geplanten Attentat ausfindig zu machen und auszuschalten. Lee beginnt allerdings, an seiner Mission zu zweifeln, und entschließt sich, den Rebellen zu helfen. Damit beginnt ein tödliches Katz-und-Maus-Spiel, denn auf Verrat steht die Todesstrafe und unter den Widerstandskämpfern gibt es einen Doppelagenten, der die Japaner mit Informationen füttert ...</marc:subfield>
   </marc:datafield>
   <marc:datafield ind1="1" ind2=" " tag="521">
      <marc:subfield code="a">FSK ab 16 freigegeben</marc:subfield>
   </marc:datafield>
   <marc:datafield ind1="1" ind2=" " tag="521">
      <marc:subfield code="a">16</marc:subfield>
   </marc:datafield>
   <marc:datafield ind1=" " ind2=" " tag="338">
      <marc:subfield code="a">Videodisk</marc:subfield>
   </marc:datafield>
   <marc:datafield ind1=" " ind2=" " tag="300">
      <marc:subfield code="a">1 DVD</marc:subfield>
   </marc:datafield>
</marc:record>
